| 000 | 00554nam a2200205Ia 4500 | ||
|---|---|---|---|
| 003 | 0100 | ||
| 008 | 130303s9999 xx 000 0 und d | ||
| 020 | _a874718937 | ||
| 040 | _cARRUPELIB | ||
| 050 | _aHC502.M84 1976 | ||
| 100 | _aMunro, J.Forbes | ||
| 245 | _aAfrica and the international economy, 1800-1960 | ||
| 245 | _ban introduction to the modern economic history of Africa south of the Sahara | ||
| 260 | _aLondon | ||
| 260 | _bRowman and Littlefield | ||
| 260 | _C1976 | ||
| 300 | _a230p. 23cm | ||
| 700 | _aJ.Forbes Munro | ||
| 942 | 0 | 0 | _01 |
| 999 |
_c9212 _d9212 |
||